2025 Premier League Home Shirts - Statistics

General Stats
  • This quiz has been taken 986 times
    775 since last reset
  • The average score is 19 of 20
Answer Stats
Picture Answer % Correct
Arsenal
99%
Liverpool
99%
Chelsea
97%
Manchester City
97%
Manchester United
97%
Brighton & Hove Albion
96%
Crystal Palace
96%
Newcastle United
96%
Tottenham Hotspur
96%
Wolverhampton Wanderers
96%
Aston Villa
95%
West Ham United
95%
Brentford
94%
Everton
94%
Nottingham Forest
94%
Bournemouth
93%
Fulham
92%
Leicester City
91%
Ipswich Town
89%
Southampton
87%
No matching quizzes found
Score Distribution
Percent of People with Each Score
Percentile by Number Answered
Your Score History
You have not taken this quiz since the last reset